<?xml version="1.0" encoding="UTF-8"?>
<record
    xmlns:xsi="http://www.w3.org/2001/XMLSchema-instance"
    xsi:schemaLocation="http://www.loc.gov/MARC21/slim http://www.loc.gov/standards/marcxml/schema/MARC21slim.xsd"
    xmlns="http://www.loc.gov/MARC21/slim">

  <leader>01158nam a2200265Ia 4500</leader>
  <controlfield tag="005">20220317001149.0</controlfield>
  <controlfield tag="008">160825s2007    ck     g      000 0 spa  </controlfield>
  <datafield tag="020" ind1=" " ind2=" ">
    <subfield code="a">9,7895883212e+012</subfield>
  </datafield>
  <datafield tag="082" ind1="0" ind2="4">
    <subfield code="a">551.483 </subfield>
    <subfield code="b">O76r</subfield>
  </datafield>
  <datafield tag="100" ind1="1" ind2=" ">
    <subfield code="a">Osorio Osorio, Juli&#xE1;n Alejandro</subfield>
  </datafield>
  <datafield tag="245" ind1="1" ind2="3">
    <subfield code="a">El r&#xED;o Tunjuelo en la historia de Bogot&#xE1;, 1900-1990</subfield>
    <subfield code="c">Juli&#xE1;n Alejandro Osorio Osorio</subfield>
  </datafield>
  <datafield tag="250" ind1=" " ind2=" ">
    <subfield code="a">1a. edici&#xF3;n </subfield>
  </datafield>
  <datafield tag="300" ind1=" " ind2=" ">
    <subfield code="a">112 p&#xE1;ginas </subfield>
    <subfield code="b">ilustraciones </subfield>
    <subfield code="c">21 cm </subfield>
  </datafield>
  <datafield tag="650" ind1="1" ind2="4">
    <subfield code="2">LEMB</subfield>
    <subfield code="a">Abastecimiento de agua potable</subfield>
    <subfield code="y">1900-1990</subfield>
    <subfield code="z">Bogot&#xE1; (Colombia)</subfield>
  </datafield>
  <datafield tag="650" ind1="1" ind2="4">
    <subfield code="2">LEMB</subfield>
    <subfield code="a">Contaminaci&#xF3;n de r&#xED;os </subfield>
    <subfield code="z">Bogot&#xE1; (Colombia)</subfield>
  </datafield>
  <datafield tag="651" ind1=" " ind2="4">
    <subfield code="a">Tunjuelito (R&#xED;o, Bogot&#xE1;, Colombia)</subfield>
    <subfield code="x">Historia </subfield>
    <subfield code="y">1900-1990</subfield>
    <subfield code="9">67049</subfield>
  </datafield>
  <datafield tag="651" ind1=" " ind2="4">
    <subfield code="a">Localidad de tunjuelito (Bogot&#xE1;, Colombia)</subfield>
    <subfield code="x">Poblaci&#xF3;n </subfield>
    <subfield code="x">Historia</subfield>
    <subfield code="9">67050</subfield>
  </datafield>
  <datafield tag="651" ind1=" " ind2="4">
    <subfield code="a">Localidad de tunjuelito (Bogot&#xE1;, Colombia)</subfield>
    <subfield code="x">Condiciones sociales </subfield>
    <subfield code="9">67051</subfield>
  </datafield>
  <datafield tag="942" ind1=" " ind2=" ">
    <subfield code="2">ddc</subfield>
    <subfield code="c">BK</subfield>
  </datafield>
  <datafield tag="264" ind1=" " ind2=" ">
    <subfield code="a">Bogot&#xE1;</subfield>
    <subfield code="b">Alcald&#xED;a Mayor de Bogot&#xE1;. Secretar&#xED;a Distrital de Cultura</subfield>
    <subfield code="c">Recreaci&#xF3;n y Deporte</subfield>
    <subfield code="c">2007</subfield>
  </datafield>
  <datafield tag="336" ind1=" " ind2=" ">
    <subfield code="a">texto</subfield>
    <subfield code="b">txt</subfield>
    <subfield code="2">rdacontent</subfield>
  </datafield>
  <datafield tag="337" ind1=" " ind2=" ">
    <subfield code="a">sin mediaci&#xF3;n</subfield>
    <subfield code="b">n</subfield>
    <subfield code="2">rdamedia</subfield>
  </datafield>
  <datafield tag="338" ind1=" " ind2=" ">
    <subfield code="a">volumen</subfield>
    <subfield code="b">nc</subfield>
    <subfield code="2">rdacarrier</subfield>
  </datafield>
  <datafield tag="040" ind1=" " ind2=" ">
    <subfield code="a">CO-BoRNBP</subfield>
    <subfield code="b">spa</subfield>
    <subfield code="e">rda</subfield>
    <subfield code="c">CO-BoRNBP</subfield>
  </datafield>
  <datafield tag="999" ind1=" " ind2=" ">
    <subfield code="c">6119</subfield>
    <subfield code="d">6119</subfield>
  </datafield>
</record>
